Learning Resource and Development

Machine learning, artificial intelligence and urban assemblages : (Record no. 30039)

MARC details
000 -LEADER
fixed length control field 04359cam a22004098i 4500
001 - CONTROL NUMBER
control field 22298888
003 - CONTROL NUMBER IDENTIFIER
control field CSPC
005 - DATE AND TIME OF LATEST TRANSACTION
control field 20250814164513.0
008 - FIXED-LENGTH DATA ELEMENTS--GENERAL INFORMATION
fixed length control field 211102s2022 nju b 001 0 eng c
010 ## - LIBRARY OF CONGRESS CONTROL NUMBER
LC control number 2021052711
020 ## - INTERNATIONAL STANDARD BOOK NUMBER
International Standard Book Number 9781119749639
Qualifying information (paperback)
035 ## - SYSTEM CONTROL NUMBER
System control number 22298888
040 ## - CATALOGING SOURCE
Original cataloging agency WaSeSS/DLC
Language of cataloging eng
Description conventions rda
Transcribing agency DLC
Modifying agency CSPC
042 ## - AUTHENTICATION CODE
Authentication code pcc
050 00 - LIBRARY OF CONGRESS CALL NUMBER
Classification number NA2543.T43
Item number C375 2022
082 00 - DEWEY DECIMAL CLASSIFICATION NUMBER
Classification number 711.40285
Item number M184
Edition number 23/eng/20211208
245 10 - TITLE STATEMENT
Title Machine learning, artificial intelligence and urban assemblages :
Remainder of title applications in architecture and urban design /
Statement of responsibility, etc. edited by Silvio Carta.
263 ## - PROJECTED PUBLICATION DATE
Projected publication date 2202
264 #1 - PRODUCTION, PUBLICATION, DISTRIBUTION, MANUFACTURE, AND COPYRIGHT NOTICE
Place of production, publication, distribution, manufacture Hoboken, New Jersey :
Name of producer, publisher, distributor, manufacturer John Wiley & Sons Ltd,
Date of production, publication, distribution, manufacture, or copyright notice 2022.
300 ## - PHYSICAL DESCRIPTION
Extent xxx, 642 pages :
Other physical details illustrations ;
Dimensions 24 cm.
336 ## - CONTENT TYPE
Content type term text
Content type code txt
Source rdacontent
337 ## - MEDIA TYPE
Media type term unmediated
Media type code n
Source rdamedia
338 ## - CARRIER TYPE
Carrier type term volume
Carrier type code nc
Source rdacarrier
504 ## - BIBLIOGRAPHY, ETC. NOTE
Bibliography, etc. note Includes bibliographical references and index.
505 0# - FORMATTED CONTENTS NOTE
Formatted contents note Section I. Urban complexity -- Urban complexity -- Emergence and universal computation -- Fractals and geography -- Section II. machines that thinks -- Artificial intelligence, logic, and formalising common sense -- Defining artificial intelligence -- AI: from copy of human brain to independent learner -- The history of machine learning and its convergent trajectory towards AI -- Machine behavior -- Section III. How machines learn -- What is machine learning? -- machine learning: an applied mathematics introduction -- Machine learning for urban computing -- Autonomous artificial intelligent agents -- Section IV. Application to the city -- Code and the transduction of space -- Augmented reality in urban places: contested content and the duplicity of code -- Spatial data in urban informatics: contentions of the software-sorted city -- Urban morphology meets deep learning: exploring urban forms in one million cities, towns, and villages across the planet -- Computational urban design: methods and case studies -- Indexical cities: personal city models with data as infrastructure -- Machine learning, artificial intelligence, and urban assemblages -- Making a smart city legible -- Using cellular automata for parking recommendations in smart environments -- Section V. Machine learning and humans -- Ten simple rules for responsible big data research -- A unified framework of five principles for AI in society -- The big data divide and its consequences -- Design fiction: a short essay on design, science, fact, and fiction -- Superintelligence and singularity -- The social life of robots: the politics of algorithms, governance, and sovereignty.
520 ## - SUMMARY, ETC.
Summary, etc. "The twentieth century is replete with scientific and mathematical discoveries that have profoundly changed our world view. In physics, within a mere century, our view of the cosmos changed from a classical (Newtonian) to a relativistic one following Einstein's relativity theory in the early 1900s. In mathematics, Hilbert's faith in the closure of formal axiom systems fell apart with Gödel's incompleteness theorem in the 1930s. Out of these ashes of lost deterministic foundations arose the sciences of complex systems, first in the study of non-equilibrium thermodynamics (under the intellectual leadership of Ilya Prigogine in Brussels) and later, in broader interdisciplinary terms, in New Mexico with the establishment of the Santa Fe Institute. Interestingly, a core element of this new paradigm-the notion of emergence-reflects the passage of the sciences and mathematics from a focus on closed and deterministic systems to open and dissipative systems where order, structure or patterns arise seemingly out of nowhere (at least as far as initial and boundary conditions are concerned)."--
Assigning source Provided by publisher.
650 #0 - SUBJECT ADDED ENTRY--TOPICAL TERM
Topical term or geographic name entry element Architecture and technology.
650 #0 - SUBJECT ADDED ENTRY--TOPICAL TERM
Topical term or geographic name entry element City planning.
650 #0 - SUBJECT ADDED ENTRY--TOPICAL TERM
Topical term or geographic name entry element Machine learning.
650 #0 - SUBJECT ADDED ENTRY--TOPICAL TERM
Topical term or geographic name entry element Artificial intelligence.
700 1# - ADDED ENTRY--PERSONAL NAME
Personal name Carta, Silvio,
Relator term author.
776 08 - ADDITIONAL PHYSICAL FORM ENTRY
Relationship information Online version:
Main entry heading Carta, Silvio.
Title Machine learning, artificial intelligence and urban assemblages
Place, publisher, and date of publication Hoboken, NJ : John Wiley & Sons, 2022
International Standard Book Number 9781119749585
Record control number (DLC) 2021052712
906 ## - LOCAL DATA ELEMENT F, LDF (RLIN)
a 7
b cbc
c orignew
d 1
e ecip
f 20
g y-gencatlg
942 ## - ADDED ENTRY ELEMENTS (KOHA)
Source of classification or shelving scheme Dewey Decimal Classification
Koha item type Books
Edition 23
Classification part 711.40285
Item part M184
Call number prefix ENG
Call number suffix 2022
Suppress in OPAC No
Holdings
Withdrawn status Lost status Source of classification or shelving scheme Damaged status Not for loan Home library Current library Shelving location Date acquired Total Checkouts Full call number Barcode Date last seen Copy number Price effective from Koha item type
    Dewey Decimal Classification     Main Library Main Library Engineering Section 08/14/2025   ENG 711.40285 M184 2022 029942 08/14/2025 1-1 08/14/2025 Books